[Event "Bundesliga 2324"]
[Site "Germany"]
[Date "2024.03.17"]
[Round "13.5"]
[White "Lampert, Jonas"]
[Black "Polak, Tomas"]
[Result "1/2-1/2"]
[WhiteElo "2525"]
[BlackElo "2518"]
[PlyCount "51"]
[EventDate "2023.10.21"]
[EventType "team-tourn"]
[EventRounds "15"]
[EventCountry "GER"]
[SourceTitle "CB13_2024"]
[SourceDate "2024.03.27"]
[SourceVersion "1"]
[SourceVersionDate "2024.03.27"]
[SourceQuality "1"]
[WhiteTeam "Hamburger SK"]
[BlackTeam "Heimbach Weis Neuwied"]
[WhiteTeamCountry "GER"]
[BlackTeamCountry "GER"]

1. d4 Nf6 2. c4 c5 3. d5 b5 4. cxb5 a6 5. b6 d6 6. e4 Nbd7 7. Nc3 g6 8. a4 Qxb6 9. a5 Qb4 10. Ra4 Qb8 11. f4 Bg7 12. Nf3 0-0 13. Bc4 Ne8 14. 0-0 Nc7 15. Qe2 Ra7 16. e5 Rb7 17. Ne4 Nb5 18. e6 fxe6 19. Neg5 Nf6 20. Nxe6 Bxe6 21. Qxe6+ Kh8 22. f5 Nc7 23. Qxe7 Ncxd5 24. Qe2 Re7 25. Qd1 Nb4 26. fxg6 1/2-1/2

[Event "Prague op"]
[Site "Prague"]
[Date "2024.03.03"]
[Round "5"]
[White "Chkhaidze, Nikoloz"]
[Black "Polak, Tomas"]
[Result "0-1"]
[WhiteElo "2209"]
[BlackElo "2506"]
[PlyCount "112"]
[EventDate "2024.02.28"]
[EventType "swiss"]
[EventRounds "9"]
[EventCountry "CZE"]
[SourceTitle "CB11_2024"]
[SourceDate "2024.03.13"]
[SourceVersion "1"]
[SourceVersionDate "2024.03.13"]
[SourceQuality "1"]

1. c4 Nf6 2. g3 c6 3. Nf3 d5 4. Bg2 Bg4 5. Ne5 Be6 6. cxd5 Bxd5 7. Nf3 g6 8. Nc3 Bg7 9. 0-0 0-0 10. Qc2 a5 11. Rd1 Bxf3 12. Bxf3 Nbd7 13. d4 e6 14. e4 Qe7 15. Bg5 h6 16. Be3 Rac8 17. e5 Nd5 18. Nxd5 exd5 19. Qd2 h5 20. Qxa5 f6 21. exf6 Nxf6 22. Qd2 Ne4 23. Bxe4 Qxe4 24. Qd3 Qg4 25. h3 Qxh3 26. Qxg6 Rf6 27. Qg5 Rf5 28. Qg6 Rf6 29. Qg5 Kf7 30. Qh4 Qxh4 31. gxh4 Re8 32. Re1 Re4 33. Bg5 Rfe6 34. Re3 Bxd4 35. Rf3+ Kg6 36. Kf1 Bf6 37. Rb3 Bxg5 38. hxg5 b5 39. Rc1 Kxg5 40. Rg3+ Kf6 41. b3 Ke7 42. Rg7+ Kd6 43. Rh7 Re2 44. Rxh5 Rxa2 45. Rf5 Rb2 46. Rc3 b4 47. Rg3 Rc2 48. Rf4 Kc5 49. Rgg4 Rb2 50. Rxb4 Rf6 51. Rb8 Rfxf2+ 52. Kg1 Rfc2 53. b4+ Kd6 54. Rf8 Rc1+ 55. Rf1 Rxf1+ 56. Kxf1 Ke5 0-1

[Event "Bundesliga 2324"]
[Site "Germany"]
[Date "2023.10.21"]
[Round "1.7"]
[White "Alonso Rosell, Alvar"]
[Black "Polak, Tomas"]
[Result "1/2-1/2"]
[WhiteElo "2574"]
[BlackElo "2518"]
[PlyCount "116"]
[EventDate "2023.10.21"]
[EventType "team-tourn"]
[EventRounds "15"]
[EventCountry "GER"]
[SourceTitle "Mega2024 Update 01"]
[Source "Chessbase"]
[SourceDate "2023.11.12"]
[SourceVersion "1"]
[SourceVersionDate "2023.11.12"]
[SourceQuality "1"]
[WhiteTeam "Bayern Muenchen"]
[BlackTeam "Heimbach Weis Neuwied"]
[WhiteTeamCountry "GER"]
[BlackTeamCountry "GER"]

1. d4 Nf6 2. c4 e6 3. Nf3 Bb4+ 4. Nbd2 0-0 5. a3 Be7 6. e4 d6 7. Be2 Nfd7 8. b4 e5 9. d5 a5 10. Bb2 axb4 11. axb4 Rxa1 12. Qxa1 c5 13. b5 Nf6 14. Qa7 Nbd7 15. 0-0 Nh5 16. g3 g6 17. Ne1 Ng7 18. Nd3 Bg5 19. f4 Bh6 20. Bc3 f6 21. Kh1 Qe7 22. Qa1 Nb6 23. Qa5 Nd7 24. Qc7 Re8 25. fxe5 Nxe5 26. Qxe7 Rxe7 27. Nxe5 fxe5 28. Ra1 Bh3 29. Nf3 Rf7 30. Ra8+ Rf8 31. Ra7 Bf1 32. Ng1 Be3 33. Ra1 Bxe2 34. Nxe2 Rf2 35. Ng1 Nh5 36. Re1 Bh6 37. Ba5 Kf7 38. Bd8 Rc2 39. Rf1+ Ke8 40. Bc7 Ke7 41. Ra1 Kd7 42. b6 Rc1 43. Rxc1 Bxc1 44. Kg2 Nf6 45. Kf3 h5 46. h3 Bd2 47. Ke2 Ba5 48. Ke3 Be1 49. Kf3 Ne8 50. Kg2 Ba5 51. Nf3 Ke7 52. Nh4 Kf7 53. Bd8 Nf6 54. Bxf6 Kxf6 55. Kf2 Bxb6 56. Ke2 Kf7 57. Kd3 Bd8 58. Nf3 Ke8 1/2-1/2

[Event "Skalica op-A"]
[Site "Skalica"]
[Date "2023.08.24"]
[Round "6"]
[White "Haring, Filip"]
[Black "Polak, Tomas"]
[Result "1/2-1/2"]
[WhiteElo "2446"]
[BlackElo "2520"]
[PlyCount "132"]
[EventDate "2023.08.19"]
[EventType "swiss"]
[EventRounds "9"]
[EventCountry "SVK"]
[SourceTitle "CBM 215 Extra"]
[Source "ChessBase"]
[SourceDate "2023.09.30"]
[SourceVersion "1"]
[SourceVersionDate "2023.09.30"]
[SourceQuality "1"]

1. d4 Nf6 2. c4 e6 3. Nf3 Bb4+ 4. Bd2 Qe7 5. e3 b6 6. Bd3 Bb7 7. 0-0 Bxd2 8. Nbxd2 d6 9. e4 Nbd7 10. Re1 e5 11. Nb1 0-0 12. Nc3 c6 13. a3 Rfe8 14. d5 c5 15. b4 Nh5 16. Nd2 g6 17. Nb3 Rec8 18. b5 Rc7 19. a4 Rf8 20. a5 Bc8 21. Be2 Nf4 22. Bf1 Nf6 23. Na4 Rb7 24. Nc1 Ng4 25. g3 Nh5 26. Be2 Nhf6 27. Nc3 h5 28. Qd2 Kg7 29. Nd3 h4 30. h3 Nh6 31. g4 Nh7 32. f4 exf4 33. Qxf4 Ng5 34. Kh2 f6 35. axb6 axb6 36. Ra8 Nhf7 37. Rf1 Nh7 38. Qf2 Ne5 39. Nf4 g5 40. Nh5+ Kh6 41. Ra3 Rf7 42. Rfa1 Ng6 43. Bd3 Qe5+ 44. Kg2 Rfc7 45. Ne2 Qe7 46. Rf1 Qe5 47. Ra8 Ra7 48. Rxa7 Rxa7 49. Nxf6 Nhf8 50. Kg1 Kg7 51. Nh5+ Kg8 52. Bc2 Re7 53. Nc1 Ra7 54. Nd3 Qc3 55. Nf6+ Kh8 56. Ne8 Bd7 57. Nxd6 Ra2 58. Nf7+ Kg7 59. Rc1 Qxd3 60. Bxd3 Rxf2 61. Kxf2 Kxf7 62. Ra1 Ne5 63. Bf1 Be8 64. Ra7+ Nfd7 65. Rb7 Ke7 66. Ke3 Bg6 1/2-1/2

[Event "Olomouc GM-B 24th"]
[Site "Olomouc"]
[Date "2023.08.12"]
[Round "1"]
[White "Mirzoev, Azer"]
[Black "Polak, Tomas"]
[Result "1/2-1/2"]
[WhiteElo "2417"]
[BlackElo "2520"]
[PlyCount "21"]
[EventDate "2023.08.12"]
[EventType "tourn"]
[EventRounds "9"]
[EventCountry "CZE"]
[EventCategory "6"]
[SourceTitle "CBM 215 Extra"]
[Source "ChessBase"]
[SourceDate "2023.09.30"]
[SourceVersion "1"]
[SourceVersionDate "2023.09.30"]
[SourceQuality "1"]

1. Nf3 Nf6 2. d4 e6 3. c4 b6 4. g3 Bb7 5. Bg2 Be7 6. 0-0 0-0 7. Nc3 Ne4 8. Nxe4 Bxe4 9. Ne1 Bxg2 10. Nxg2 d5 11. Qa4 1/2-1/2

[Event "Stare Mesto op"]
[Site "Stare Mesto"]
[Date "2023.08.05"]
[Round "1"]
[White "Polak, Tomas"]
[Black "Vaculik, Martin1111"]
[Result "1-0"]
[WhiteElo "2520"]
[BlackElo "1983"]
[PlyCount "49"]
[EventDate "2023.08.05"]
[EventType "swiss"]
[EventRounds "9"]
[EventCountry "CZE"]
[SourceTitle "EXT 2024"]
[Source "ChessBase"]
[SourceDate "2023.10.10"]
[SourceVersion "1"]
[SourceVersionDate "2023.10.10"]
[SourceQuality "1"]

1. Nf3 Nf6 2. c4 e6 3. e3 d5 4. b3 Be7 5. Bb2 0-0 6. Qc2 c5 7. Bd3 Nc6 8. a3 dxc4 9. bxc4 h6 10. h4 Ng4 11. Bh7+ Kh8 12. Be4 Bf6 13. Nc3 Nge5 14. d3 Nxf3+ 15. gxf3 Bd7 16. Ke2 Rb8 17. Rag1 Na5 18. f4 b5 19. cxb5 Bxb5 20. Rg5 Qe7 21. Rhg1 Rfd8 22. Rxg7 Bxd3+ 23. Bxd3 Bxg7 24. Rxg7 Qf6 25. Nb5 1-0

[Event "Ceske Budejovice GM-A"]
[Site "Ceske Budejovice"]
[Date "2023.07.03"]
[Round "3"]
[White "Polak, Tomas"]
[Black "Colbow, Collin"]
[Result "1/2-1/2"]
[WhiteElo "2503"]
[BlackElo "2429"]
[PlyCount "112"]
[EventDate "2023.07.01"]
[EventType "tourn"]
[EventRounds "9"]
[EventCountry "CZE"]
[EventCategory "9"]
[SourceTitle "CBM 215 Extra"]
[Source "ChessBase"]
[SourceDate "2023.09.30"]
[SourceVersion "1"]
[SourceVersionDate "2023.09.30"]
[SourceQuality "1"]

1. d4 Nf6 2. c4 e6 3. Nc3 Bb4 4. f3 c5 5. a3 Bxc3+ 6. bxc3 Nc6 7. e4 d6 8. Be3 Qa5 9. Qd2 b6 10. Bd3 Ba6 11. Ne2 Rc8 12. 0-0 cxd4 13. cxd4 Qxd2 14. Bxd2 Na5 15. Bxa5 bxa5 16. Rfc1 0-0 17. Rc3 Rc7 18. Rac1 Rfc8 19. Kf2 Nd7 20. Ke3 e5 21. R1c2 g6 22. Nc1 exd4+ 23. Kxd4 Nc5 24. Be2 f5 25. exf5 gxf5 26. Ke3 Na4 27. Rd3 Rxc4 28. Rxc4 Bxc4 29. Rxd6 Nb6 30. Rd4 Bxe2 31. Nxe2 Rc2 32. Kd3 Ra2 33. Nc3 Rxa3 34. Kc2 Ra1 35. Rf4 Rg1 36. g3 Rg2+ 37. Kd3 Rxh2 38. Rxf5 a4 39. Ra5 h5 40. Rxa7 Rh3 41. Ne4 h4 42. gxh4 Rxh4 43. Ra6 Rh6 44. f4 Rc6 45. f5 Kf7 46. Ra7+ Ke8 47. Ng5 Nc8 48. Rxa4 Ne7 49. Ra8+ Kd7 50. Ra7+ Ke8 51. Ra5 Rd6+ 52. Ke4 Rf6 53. Ra8+ Kd7 54. Ra7+ Ke8 55. Ke5 Rxf5+ 56. Ke6 Re5+ 1/2-1/2

[Event "Prague op"]
[Site "Prague"]
[Date "2023.06.28"]
[Round "7"]
[White "Yaniv, Yuval"]
[Black "Polak, Tomas"]
[Result "0-1"]
[WhiteElo "2390"]
[BlackElo "2503"]
[PlyCount "78"]
[EventDate "2023.06.22"]
[EventType "swiss"]
[EventRounds "9"]
[EventCountry "CZE"]
[SourceTitle "CBM 215 Extra"]
[Source "ChessBase"]
[SourceDate "2023.09.30"]
[SourceVersion "1"]
[SourceVersionDate "2023.09.30"]
[SourceQuality "1"]

1. e4 c6 2. d4 d5 3. e5 Bf5 4. h4 h5 5. c4 e6 6. Nc3 dxc4 7. Bxc4 Nd7 8. Nf3 Be7 9. g3 Nb6 10. Be2 Qd7 11. 0-0 Bg6 12. Bd3 Bxd3 13. Qxd3 Nh6 14. Bxh6 Rxh6 15. Ne4 0-0-0 16. Rfc1 Kb8 17. b4 Bxb4 18. Rab1 Be7 19. Rb3 Qd5 20. Qb1 Qa5 21. Nc5 Rd5 22. Rbc3 Rh8 23. Nd2 Rxd4 24. Ncb3 Qxe5 25. Nxd4 Qxd4 26. Nf3 Qa4 27. Rb3 Bf6 28. Nd2 Rd8 29. Nc4 Bd4 30. Rb4 Qa6 31. Qe4 Nxc4 32. Rcxc4 Bb6 33. a4 Qa5 34. Qf4+ Ka8 35. Qxf7 Qe5 36. Re4 Qxg3+ 37. Kf1 Qh3+ 38. Ke1 Qh1+ 39. Ke2 Qd1# 0-1

[Event "AUT-chT2O 2223"]
[Site "Austria"]
[Date "2023.04.23"]
[Round "11.2"]
[White "Polak, Tomas"]
[Black "Lizak, Peter"]
[Result "1/2-1/2"]
[WhiteElo "2502"]
[BlackElo "2400"]
[PlyCount "33"]
[EventDate "2022.10.15"]
[EventType "team-tourn"]
[EventRounds "11"]
[EventCountry "AUT"]
[SourceTitle "EXT 2024"]
[Source "ChessBase"]
[SourceDate "2023.10.10"]
[SourceVersion "1"]
[SourceVersionDate "2023.10.10"]
[SourceQuality "1"]
[WhiteTeam "Hietzing"]
[BlackTeam "Pressbaum"]
[WhiteTeamCountry "AUT"]
[BlackTeamCountry "AUT"]

1. Nf3 d5 2. c4 d4 3. b4 c5 4. Bb2 a5 5. bxc5 Nc6 6. e3 e5 7. exd4 exd4 8. d3 Bxc5 9. Be2 Nf6 10. 0-0 0-0 11. Na3 Re8 12. Nb5 Bf5 13. a3 h6 14. Re1 Qd7 15. Qd2 Bg4 16. Qf4 Nh5 17. Qc7 1/2-1/2

[Event "SVK-chT 2223"]
[Site "Slovakia"]
[Date "2023.03.31"]
[Round "9.5"]
[White "Polak, Tomas"]
[Black "Toth, Ervin"]
[Result "1-0"]
[WhiteElo "2504"]
[BlackElo "2432"]
[PlyCount "83"]
[EventDate "2022.10.22"]
[EventType "team-tourn"]
[EventRounds "11"]
[EventCountry "SVK"]
[SourceTitle "EXT 2024"]
[Source "ChessBase"]
[SourceDate "2023.10.10"]
[SourceVersion "1"]
[SourceVersionDate "2023.10.10"]
[SourceQuality "1"]
[WhiteTeam "Podhajska Aquamarin"]
[BlackTeam "Cebovce"]
[WhiteTeamCountry "SVK"]
[BlackTeamCountry "SVK"]

1. d4 g6 2. c4 Bg7 3. e4 d6 4. Nc3 Nf6 5. Nf3 0-0 6. Be2 e5 7. Be3 Nc6 8. d5 Ne7 9. Nd2 Ne8 10. b4 f5 11. f3 f4 12. Bf2 g5 13. c5 h5 14. Nc4 Rf6 15. Qb3 Rg6 16. 0-0-0 g4 17. Kb1 Kh7 18. Rc1 Bd7 19. Rc2 Qb8 20. cxd6 cxd6 21. Na3 gxf3 22. Bxf3 b5 23. Rhc1 Nc8 24. Ncxb5 a5 25. Nc7 Nxc7 26. Rxc7 axb4 27. Rxd7 Rxa3 28. Qb2 Nb6 29. Bxb6 Qxb6 30. Bxh5 Rg5 31. Bf3 Rg6 32. h4 Qb5 33. Rdc7 Rxf3 34. gxf3 Qd3+ 35. R7c2 Qxf3 36. Qxb4 Qh3 37. a4 Rg3 38. Ka2 f3 39. Qxd6 Rg2 40. Qe6 Qg3 41. Qf5+ Kh6 42. Rxg2 1-0

[Event "CZE-chT 2223"]
[Site "Czech Republic"]
[Date "2023.03.26"]
[Round "11.1"]
[White "Miesbauer, Jan"]
[Black "Polak, Tomas"]
[Result "0-1"]
[WhiteElo "2427"]
[BlackElo "2502"]
[PlyCount "86"]
[EventDate "2022.10.15"]
[EventType "team-tourn"]
[EventRounds "11"]
[EventCountry "CZE"]
[SourceTitle "CBM 213 Extra"]
[Source "ChessBase"]
[SourceDate "2023.05.31"]
[SourceVersion "1"]
[SourceVersionDate "2023.05.31"]
[SourceQuality "1"]
[WhiteTeam "Praha Dopravni Podnik"]
[BlackTeam "Brno Moravska Slavia"]
[WhiteTeamCountry "CZE"]
[BlackTeamCountry "CZE"]

1. e4 c6 2. d4 d5 3. e5 Bf5 4. Nf3 e6 5. Be2 Nd7 6. 0-0 Bg6 7. Nbd2 Nh6 8. c3 Nf5 9. Ne1 c5 10. g4 Ne7 11. f4 Qb6 12. Ndf3 Be4 13. Bd3 h5 14. h3 hxg4 15. hxg4 cxd4 16. cxd4 f5 17. Be3 Bxd3 18. Qxd3 fxg4 19. Nh2 g3 20. Nhf3 Nf5 21. Ng2 Be7 22. Rac1 Kf7 23. Bd2 Rac8 24. Rxc8 Rxc8 25. Ng5+ Kg8 26. Bc3 Bxg5 27. fxg5 Nxe5 28. Qd1 Nc6 29. Qh5 Nce7 30. Nh4 Rf8 31. Rxf5 exf5 32. g6 Rf6 33. Qh7+ Kf8 34. Qh8+ Ng8 35. Kg2 f4 36. Nf3 Qe6 37. Ne5 f3+ 38. Kxg3 f2 39. Nd7+ Qxd7 40. Bb4+ Rd6 41. Kxf2 Qf5+ 42. Ke2 Qe4+ 43. Kf1 Qb1+ 0-1